000 00256nam a2200097Ia 4500
008 200302s9999 xx 000 0 und d
100 _aFrancisco Asensio Cerver
245 _aArquitectura Public Architecture Vol 2
260 _bAxis Books Ltd.
300 _a118 P.,
999 _c913
_d913